000 00177 a2200085 4500
245 _aBEST LOVED SLEEPY TIME
_hText
100 _aMIK MARTIN
650 _aliterature
005 20191017172141.0
084 _aNONE
999 _c8498
_d8498